000 01508nam0a2200349 4500
001 RU\NLR\bibl\892354
005 20250614173008.0
010 _a5-9684-0187-7
_bв обл.
_95000
021 _aRU
_b2005-62099
_93047
035 _a(nilc)RSL-KNO-002715583
035 _a(NLR Aleph) 000880845
090 _a1657935
_c1657935
100 _a20050927d2005 |||y0rusy50 ca
101 0 _arus
102 _aRU
105 _aa |||||||||
106 _ar
200 1 _aЯзва
_eвсе, что вы должны знать
_fКобозева Е. И.
210 _aСПб.
_cВектор
_d2005
_gГПП Печ. Двор
215 _a123, [1] с.
_cил.
_d20
225 1 _aДомашняя энциклопедия здоровья
606 1 _aЯзвенная болезнь
_jПопулярные издания
_9905982
_3RU\NLR\auth\6610281
610 0 _aЗдравоохранение. Медицинские науки -- Гастроэнтерология -- Болезни пищеварительных органов -- Болезни желудка и двенадцатиперстной кишки -- Язвенная болезнь -- Популярные издания
686 _aР413.204.6я9
_2rubbk
686 _aР413.204.6я9
700 1 _aКобозева
_bЕ. И.
_gЕлена Ивановна
_4070
801 0 _aRU
_bRuMoRKP
_c20050927
_grcr
801 1 _aRU
_bRuMoRGB
_c20050927
801 2 _aRU
_bNLR
_c20051222
_grcr
942 _cBOOK
980 _aNB